000 00984nam a2200241 a 4500
001 80656
003 BD-RjUL
005 20230710121625.0
008 221030s2012 bg a|||| m||| 00| 0 eng d
035 _a(BD-RjUL)80656
040 _aBD-RjUL
_beng
_cBD-RjUL
_dBD-RjUL
041 _aeng
082 _223
_a635.21
_bUDF 2012
100 _aUddin, A. B. M. Sharif
_95567
245 1 0 _aFarmers' Perception and Adoption of Modern Variety Potato Production Technologies in Selected Areas of Northwest Bangladesh :
_cBy A. B. M. Sharif Uddin ;
_6Supervisor : Md. Mostafizur Rahman
260 _aRajshahi :
_bInstitute of Bangladesh Studies, University of Rajshahi,
_c2012.
300 _axxx, [1], 365 leaves :
_bill.;
_c29 cm.
502 _aThesis(Ph.D.)-- Institute of Bangladesh Studies,University of Rajshahi,2012
504 _aBibliography : Leaves 319-340
650 _aPotatoes Production
_xHorticulture
_95568
700 _aRahman, Md. Mostafizur, Supervisor
_95569
942 _2ddc
_cTHE
999 _c80656
_d80656